On crime, society, and responsibility in the work of Nicola Lacey
| Contributors: | |
|---|---|
| Format: | Print Book |
| Language: | English |
| Published: |
Oxford
Oxford University Press
2021
|
| In: | Year: 2021 |
| Edition: | First edition |
| Online Access: |
Table of Contents Blurb |
| Availability in Tübingen: | Present in Tübingen. UB: KB 21 A 1309 |
| Check availability: | HBZ Gateway |
| Subito Delivery Service: | Order now. |
| Keywords: |
MARC
| LEADER | 00000cam a2200000 c 4500 | ||
|---|---|---|---|
| 001 | 175201362X | ||
| 003 | DE-627 | ||
| 005 | 20251226192752.0 | ||
| 007 | tu | ||
| 008 | 210322s2021 xxk||||| 00| ||eng c | ||
| 020 | |a 9780198852681 |c hbk. : (£80.00) |9 978-0-19-885268-1 | ||
| 035 | |a (DE-627)175201362X | ||
| 035 | |a (DE-599)KXP175201362X | ||
| 040 | |a DE-627 |b ger |c DE-627 |e rda | ||
| 041 | |a eng | ||
| 044 | |c XA-GB | ||
| 082 | 0 | |a 345.04 | |
| 084 | |a 2,1 |2 ssgn | ||
| 245 | 0 | 0 | |a On crime, society, and responsibility in the work of Nicola Lacey |c edited by Iyiola Solanke |
| 250 | |a First edition | ||
| 264 | 1 | |a Oxford |b Oxford University Press |c 2021 | |
| 300 | |a x, 268 Seiten | ||
| 336 | |a Text |b txt |2 rdacontent | ||
| 337 | |a ohne Hilfsmittel zu benutzen |b n |2 rdamedia | ||
| 338 | |a Band |b nc |2 rdacarrier | ||
| 583 | 1 | |a Archivierung/Langzeitarchivierung gewährleistet |f SSG |x XA-DE-BW |2 pdager |5 DE-21 | |
| 600 | 1 | 0 | |a Lacey, Nicola |
| 650 | 0 | |a Criminal Liability | |
| 650 | 0 | |a Criminal Law | |
| 655 | 7 | |a Aufsatzsammlung |0 (DE-588)4143413-4 |0 (DE-627)105605727 |0 (DE-576)209726091 |2 gnd-content | |
| 689 | 0 | 0 | |d p |0 (DE-588)1099929733 |0 (DE-627)85881028X |0 (DE-576)165017112 |a Lacey, Nicola |2 gnd |
| 689 | 0 | 1 | |d s |0 (DE-588)4057795-8 |0 (DE-627)106149458 |0 (DE-576)209123737 |a Strafrecht |2 gnd |
| 689 | 0 | 2 | |d s |0 (DE-588)4187523-0 |0 (DE-627)105271489 |0 (DE-576)210046392 |a Verantwortlichkeit |2 gnd |
| 689 | 0 | 3 | |d s |0 (DE-588)4136818-6 |0 (DE-627)105654655 |0 (DE-576)209672390 |a Schuldfähigkeit |2 gnd |
| 689 | 0 | |5 (DE-627) | |
| 700 | 1 | |a Solanke, Iyiola |e HerausgeberIn |0 (DE-588)1125120428 |0 (DE-627)879428015 |0 (DE-576)483321095 |4 edt | |
| 776 | 1 | |o 10.1093/oso/9780198852681.001.0001 | |
| 856 | 4 | 2 | |u https://swbplus.bsz-bw.de/bsz175201362Xinh.htm |m V:DE-576;B:DE-21 |q application/pdf |v 20210630193301 |3 Inhaltsverzeichnis |7 1 |
| 856 | 4 | 2 | |u https://swbplus.bsz-bw.de/bsz175201362Xkla.htm |m V:DE-576;B:DE-21 |q application/pdf |v 20210630193301 |3 Klappentext |7 1 |
| 951 | |a BO | ||
| ELC | |b 1 | ||
| LOK | |0 000 xxxxxcx a22 zn 4500 | ||
| LOK | |0 001 391387870X | ||
| LOK | |0 003 DE-627 | ||
| LOK | |0 004 175201362X | ||
| LOK | |0 005 20210625123015 | ||
| LOK | |0 008 210420||||||||||||||||ger||||||| | ||
| LOK | |0 040 |a DE-21 |c DE-627 |d DE-21 | ||
| LOK | |0 852 |a DE-21 | ||
| LOK | |0 852 1 |c KB 21 A 1309 |9 00 | ||
| LOK | |0 935 |a krim | ||
| LOK | |0 938 |a 2106 |f 34 | ||
| LOK | |0 939 |a 20-04-21 |b l01 | ||
| LOK | |0 000 xxxxxcx a22 zn 4500 | ||
| LOK | |0 001 3892457018 | ||
| LOK | |0 003 DE-627 | ||
| LOK | |0 004 175201362X | ||
| LOK | |0 005 20210430085609 | ||
| LOK | |0 008 210322||||||||||||||||ger||||||| | ||
| LOK | |0 040 |a DE-Frei85 |c DE-627 |d DE-Frei85 | ||
| LOK | |0 852 |a DE-Frei85 | ||
| LOK | |0 852 1 |m p |9 00 | ||
| LOK | |0 938 |k p | ||
| LOK | |0 939 |a 22-03-21 |b l01 | ||
| ORI | |a SA-MARC-krimdoka001.raw | ||
| SIG | |a UB: KB 21 A 1309 | ||
